Statistiques concernant Les 10 jeux vidéos les plus joués en 2023

Cliquez ici pour prendre le quiz!

Statistiques générales

  • Ce quiz a été pris 910 fois
  • Le résultat moyen est 5 sur 10

Statistiques - réponses

HintRéponse% Correct
8Fortnite
92%
1Minecraft
75%
9Call of Duty
63%
2League of legends
52%
4Valorant
51%
7GTA 5
40%
5Counter Strike
33%
3Overwatch 2
22%
10Apex legends
17%
6World of Warcraft
14%

Distribution des résultats

Percentile par nombre de réponses

% des personnes avec chaque résultat

Votre développement - résultats

Vous n’avez pas pris ce quiz